[Event "Madrid ch 2009/10 Semifinal B"]
[Site "Madrid ESP"]
[Date "2010.01.29"]
[Round "8.2"]
[White "Perez de Aranda A., Leonardo I"]
[Black "Serrano Salvador, Eduardo"]
[Result "0-1"]
[WhiteElo "2216"]
[BlackElo "2324"]
[PlyCount "108"]
[EventDate "2010.01.08"]
[EventType "swiss"]
[EventRounds "9"]
[EventCountry "ESP"]
[Source "lmi"]
[SourceDate "2010.01.08"]

1. e4 e5 2. d4 exd4 3. Qxd4 Nc6 4. Qe3 Nf6 5. Bc4 Bb4+ 6. c3 Be7 7. e5 Ng4 8.
Bxf7+ Kxf7 9. Qf4+ Nf6 10. Nf3 h6 11. exf6 Bxf6 12. O-O d6 13. Be3 Qd7 14. Na3
Qg4 15. Nb5 Qxf4 16. Bxf4 Bd8 17. Rfe1 a6 18. Nbd4 Nxd4 19. Nxd4 Bf6 20. Re2
Bd7 21. f3 Rhe8 22. Rxe8 Rxe8 23. Kf2 g5 24. Be3 Kg6 25. g4 Be5 26. Rh1 Rf8 27.
Kg2 c5 28. Nf5 Bxf5 29. gxf5+ Kxf5 30. h4 Re8 31. hxg5 hxg5 32. Rh7 Bxc3 33.
Bxc5 dxc5 34. bxc3 Re2+ 35. Kg3 b5 36. Rc7 c4 37. a4 Re3 38. axb5 axb5 39. Rf7+
Ke6 40. Rb7 Rxc3 41. Rxb5 Rc1 42. Kf2 c3 43. Ke2 Kf6 44. Rc5 c2 45. Kd2 Rf1 46.
Kxc2 Rxf3 47. Kd2 Kg6 48. Ke2 Rf4 49. Rc3 Kh5 50. Ra3 Kh4 51. Ke1 g4 52. Ke2 g3
53. Ra8 g2 54. Rh8+ Kg3 0-1

[Event "Madrid ch 2009/10 Semifinal B"]
[Site "Madrid ESP"]
[Date "2010.01.29"]
[Round "8.3"]
[White "Elissalt Cardenas, Hector"]
[Black "Nieto de la Cruz, Julio"]
[Result "1-0"]
[WhiteElo "2358"]
[BlackElo "2131"]
[PlyCount "41"]
[EventDate "2010.01.08"]
[EventType "swiss"]
[EventRounds "9"]
[EventCountry "ESP"]
[Source "lmi"]
[SourceDate "2010.01.08"]

1. d4 d5 2. Nc3 Nf6 3. Bg5 Bf5 4. e3 Nbd7 5. f4 c6 6. Nf3 e6 7. a3 Qc7 8. Bd3
Bg6 9. O-O Bd6 10. Ne5 a6 11. Kh1 c5 12. Nxd7 Nxd7 13. f5 Bxh2 14. Qf3 Bxf5 15.
Bxf5 exf5 16. Nxd5 Qd6 17. dxc5 Qb8 18. Qxf5 Rf8 19. Rf4 g6 20. Re4+ Be5 21.
Nf6+ 1-0

[Event "Madrid ch 2009/10 Semifinal B"]
[Site "Madrid ESP"]
[Date "2010.01.29"]
[Round "8.4"]
[White "Suarez Uriel, Adrian"]
[Black "Gemy, Jose Daniel"]
[Result "1/2-1/2"]
[WhiteElo "2137"]
[BlackElo "2214"]
[PlyCount "119"]
[EventDate "2010.01.08"]
[EventType "swiss"]
[EventRounds "9"]
[EventCountry "ESP"]
[Source "lmi"]
[SourceDate "2010.01.08"]

1. e4 d6 2. d4 Nf6 3. Nc3 Nbd7 4. f4 c6 5. Nf3 Qc7 6. a3 e5 7. Bc4 Be7 8. O-O
O-O 9. Kh1 Nb6 10. Bd3 Bg4 11. Ne2 exd4 12. Nexd4 c5 13. Nb5 Qc6 14. Nc3 Rad8
15. a4 d5 16. e5 Ne4 17. a5 Na8 18. Qe1 Nxc3 19. bxc3 Qd7 20. Nh4 c4 21. Bxh7+
Kxh7 22. f5 Bh5 23. f6 Bc5 24. fxg7 Rg8 25. Qd2 Rxg7 26. Qh6+ Kg8 27. Qxh5 Qg4
28. Qxg4 Rxg4 29. Nf5 Kh7 30. Nh6 Rg7 31. Nxf7 Re8 32. Ng5+ Kg8 33. Bf4 Nc7 34.
Rae1 Nb5 35. h4 Nxc3 36. e6 Bd4 37. h5 Bf6 38. h6 Rxg5 39. Bxg5 Bxg5 40. Rf7
Ne4 41. Rxb7 Rxe6 42. h7+ Kh8 43. Kg1 Rh6 44. Rxa7 Bd2 45. Re2 Bc3 46. Ra8+
Kxh7 47. g4 Bd4+ 48. Kg2 Rg6 49. Re1 Rxg4+ 50. Kf3 Rh4 51. a6 Rh3+ 52. Kg4 Ra3
53. Kf5 Kg7 54. Ke6 Bf2 55. Rd1 d4 56. Ke5 Nc5 57. a7 d3 58. cxd3 Nxd3+ 59. Kd6
Bxa7 60. Rc8 1/2-1/2

[Event "Madrid ch 2009/10 Semifinal B"]
[Site "Madrid ESP"]
[Date "2010.01.29"]
[Round "8.6"]
[White "Cabanas Bravo, Juan Andres"]
[Black "Montanes Arribas, Adrian"]
[Result "0-1"]
[WhiteElo "2059"]
[BlackElo "2158"]
[PlyCount "86"]
[EventDate "2010.01.08"]
[EventType "swiss"]
[EventRounds "9"]
[EventCountry "ESP"]
[Source "lmi"]
[SourceDate "2010.01.08"]

1. e4 c5 2. Nf3 d6 3. d4 cxd4 4. Nxd4 Nf6 5. Nc3 a6 6. Bg5 e6 7. f4 Qc7 8. Qf3
b5 9. Bxf6 gxf6 10. O-O-O b4 11. Nce2 h5 12. Ng3 h4 13. Nh5 Nd7 14. g4 Bb7 15.
Bg2 O-O-O 16. Rhe1 Be7 17. Qh3 Nc5 18. f5 e5 19. Nb3 Nd7 20. Qxh4 Kb8 21. Qf2
a5 22. Kb1 a4 23. Nc1 Nb6 24. Qd2 d5 25. exd5 Nxd5 26. Qe2 Qb6 27. Bxd5 Bxd5
28. g5 Rxh5 29. Qxh5 Qc6 30. g6 Rc8 31. Rd2 b3 32. axb3 Bb4 33. c3 Be4+ 34. Nd3
axb3 35. Rxe4 Qxe4 36. Kc1 Bxc3 37. bxc3 Rxc3+ 38. Kb2 Qd4 39. Ka3 b2+ 40. Ka2
Qa4+ 41. Kxb2 Rb3+ 42. Kc2 Rb7+ 43. Kc3 Qb3# 0-1

[Event "Madrid ch 2009/10 Semifinal B"]
[Site "Madrid ESP"]
[Date "2010.01.29"]
[Round "8.7"]
[White "Fernandez Lledo, Javier"]
[Black "Vazquez Torres, Adrian"]
[Result "1/2-1/2"]
[WhiteElo "2064"]
[BlackElo "2139"]
[PlyCount "101"]
[EventDate "2010.01.08"]
[EventType "swiss"]
[EventRounds "9"]
[EventCountry "ESP"]
[Source "lmi"]
[SourceDate "2010.01.08"]

1. e4 c5 2. Nf3 e6 3. d4 cxd4 4. Nxd4 Nf6 5. Nc3 Nc6 6. Be3 Bb4 7. Nxc6 bxc6 8.
e5 Nd5 9. Bd2 Qc7 10. Nxd5 Bxd2+ 11. Qxd2 cxd5 12. Qc3 Qxc3+ 13. bxc3 Rb8 14.
Kd2 Ke7 15. Bd3 d6 16. Rab1 Bd7 17. exd6+ Kxd6 18. Rb3 Bc6 19. Rhb1 Rbc8 20.
Bb5 Rhd8 21. Bxc6 Rxc6 22. Rb8 Rxb8 23. Rxb8 Rc7 24. f4 h5 25. Kd3 Ke7 26. Rb4
Kf6 27. c4 Rc5 28. Ra4 dxc4+ 29. Rxc4 Ra5 30. a4 e5 31. fxe5+ Kxe5 32. g4 Rd5+
33. Kc3 Kd6 34. Rf4 f6 35. gxh5 Rxh5 36. h4 Rc5+ 37. Kd3 f5 38. Rb4 g6 39. Rb7
Ra5 40. Rg7 Rxa4 41. Rxg6+ Ke5 42. h5 Rd4+ 43. Ke2 Rh4 44. Ra6 Rxh5 45. Rxa7
Kf4 46. c4 Rh6 47. c5 Rc6 48. Ra4+ Kg3 49. Ra3+ Kg4 50. Rc3 f4 51. Kf2 1/2-1/2

[Event "Madrid ch 2009/10 Semifinal B"]
[Site "Madrid ESP"]
[Date "2010.01.29"]
[Round "8.8"]
[White "Cardena Contreras, Javier"]
[Black "Argente Rodriguez, Juan Jose"]
[Result "0-1"]
[WhiteElo "1899"]
[BlackElo "2128"]
[PlyCount "100"]
[EventDate "2010.01.08"]
[EventType "swiss"]
[EventRounds "9"]
[EventCountry "ESP"]
[Source "lmi"]
[SourceDate "2010.01.08"]

1. e4 c5 2. Nf3 e6 3. d4 cxd4 4. Nxd4 a6 5. Nc3 Qc7 6. g3 Nf6 7. Bg2 Be7 8. O-O
O-O 9. Be3 Nc6 10. Kh1 d6 11. f4 Bd7 12. g4 Nxd4 13. Bxd4 e5 14. g5 exd4 15.
gxf6 dxc3 16. fxe7 Rfe8 17. bxc3 Rxe7 18. Qd4 Bc6 19. Rad1 Rae8 20. Qxd6 Qxd6
21. Rxd6 Bxe4 22. Bxe4 Rxe4 23. Kg2 Re2+ 24. Rf2 f6 25. Rd4 Kf7 26. c4 R8e3 27.
f5 Ke7 28. Rd3 Rxf2+ 29. Kxf2 Re5 30. Rf3 Kd6 31. Rf4 Ra5 32. a4 Ke5 33. Rh4 h6
34. c5 Rxc5 35. c4 Kxf5 36. Rh5+ g5 37. Rxh6 Rxc4 38. Rh7 Rb4 39. Rc7 Kg4 40.
Ke3 f5 41. Rh7 f4+ 42. Ke2 Rxa4 43. h3+ Kg3 44. Rxb7 Ra2+ 45. Kd3 Kxh3 46. Ke4
Kg2 47. Rg7 Ra5 48. Rf7 f3 49. Ke3 Ra3+ 50. Kd2 f2 0-1

[Event "Madrid ch 2009/10 Semifinal B"]
[Site "Madrid ESP"]
[Date "2010.01.29"]
[Round "8.9"]
[White "Prieto Honorato, Juan Maria"]
[Black "Martin Duque, Jesus"]
[Result "0-1"]
[WhiteElo "2098"]
[BlackElo "2060"]
[PlyCount "64"]
[EventDate "2010.01.08"]
[EventType "swiss"]
[EventRounds "9"]
[EventCountry "ESP"]
[Source "lmi"]
[SourceDate "2010.01.08"]

1. Nf3 Nf6 2. d4 d5 3. Bf4 c5 4. e3 Nc6 5. Nc3 a6 6. Be2 Bf5 7. Nh4 Bg6 8. Nxg6
hxg6 9. Qd2 cxd4 10. exd4 e6 11. Bf3 Bb4 12. O-O Na5 13. Qd3 Nc4 14. Ne2 Bd6
15. b3 Bxf4 16. Nxf4 Nd6 17. c4 g5 18. cxd5 gxf4 19. dxe6 fxe6 20. Rfe1 Kf7 21.
d5 exd5 22. Bxd5+ Kf8 23. Rad1 Qa5 24. Re6 Nxd5 25. Rxd6 Nf6 26. h3 Re8 27. Kf1
Qb5 28. Qxb5 axb5 29. Rb6 Rh5 30. Rxb7 Rhe5 31. a4 Ne4 32. Rxb5 Nd2+ 0-1

[Event "Madrid ch 2009/10 Semifinal B"]
[Site "Madrid ESP"]
[Date "2010.01.29"]
[Round "8.10"]
[White "Cerrato Torrijos, Maria"]
[Black "Martinez De Miguel, Pedro"]
[Result "1-0"]
[WhiteElo "2012"]
[BlackElo "2144"]
[PlyCount "127"]
[EventDate "2010.01.08"]
[EventType "swiss"]
[EventRounds "9"]
[EventCountry "ESP"]
[Source "lmi"]
[SourceDate "2010.01.08"]

1. e4 c5 2. Nc3 Nc6 3. Nf3 e6 4. d4 cxd4 5. Nxd4 d6 6. Be2 Nf6 7. O-O Be7 8.
Be3 Qc7 9. Kh1 Nxd4 10. Qxd4 a6 11. f4 O-O 12. Rad1 Nd7 13. Qd2 b5 14. Bf3 Bb7
15. Ne2 Nb6 16. b3 Rac8 17. Ng3 Nd7 18. Rf2 Rfe8 19. Bd4 Bf6 20. Be3 Nf8 21.
Nh5 Bc3 22. Qd3 g6 23. Ng3 d5 24. e5 Qa5 25. Ne2 d4 26. Bxd4 Bxf3 27. Qxf3 Bxd4
28. Nxd4 Qxa2 29. Rfd2 Red8 30. Qb7 Qa5 31. Nf3 Rc7 32. Qe4 Rdc8 33. Qe2 Qc3
34. Ng5 Qb4 35. Ne4 a5 36. Nd6 Rb8 37. Rd4 Qc5 38. c4 bxc4 39. bxc4 Qc6 40. Nb5
Rd7 41. Rd6 Rxd6 42. exd6 Nd7 43. Qd3 Qc5 44. Qd4 Rb7 45. Qxc5 Nxc5 46. Kg1 Kf8
47. Kf2 Ke8 48. Ke3 Kd7 49. Ra1 a4 50. Ra3 Kc6 51. Kd4 Nb3+ 52. Ke5 Nc5 53. g4
Nd7+ 54. Kd4 Nc5 55. g5 Nb3+ 56. Ke5 Nc5 57. Rh3 Nd7+ 58. Kd4 Nc5 59. Rxh7 Rxb5
60. cxb5+ Kxb5 61. Rxf7 a3 62. Ra7 Na4 63. Rxa4 Kxa4 64. Kc3 1-0

[Event "Madrid ch 2009/10 Semifinal B"]
[Site "Madrid ESP"]
[Date "2010.01.29"]
[Round "8.11"]
[White "Sanchez Millan, Eduardo"]
[Black "Mansilla Tolosa, Luis"]
[Result "0-1"]
[WhiteElo "1978"]
[BlackElo "2109"]
[PlyCount "76"]
[EventDate "2010.01.08"]
[EventType "swiss"]
[EventRounds "9"]
[EventCountry "ESP"]
[Source "lmi"]
[SourceDate "2010.01.08"]

1. d4 Nf6 2. c4 c5 3. d5 e6 4. Nc3 exd5 5. cxd5 d6 6. e4 g6 7. Nf3 a6 8. a4 Bg7
9. Be2 O-O 10. h3 Re8 11. Nd2 Nbd7 12. O-O Nf8 13. f4 Bd7 14. a5 Re7 15. Bf3
Ne8 16. Nc4 Bb5 17. Nxb5 axb5 18. Nb6 Ra6 19. Qb3 Nc7 20. Be3 Nd7 21. Nxd7 Qxd7
22. Rfd1 Re8 23. e5 c4 24. Qb4 dxe5 25. d6 Ne6 26. fxe5 Bxe5 27. Bb6 Nf4 28.
Rac1 Nd3 29. Rxd3 cxd3 30. Rd1 Bg3 31. Bd5 Bxd6 32. Qd4 Bc7 33. Bc5 Bxa5 34. b4
Bc7 35. Rf1 Be5 36. Qxd3 Ra1 37. Rxa1 Bxa1 38. Qf3 Rd8 0-1

[Event "Madrid ch 2009/10 Semifinal B"]
[Site "Madrid ESP"]
[Date "2010.01.29"]
[Round "8.12"]
[White "Tome Vazquez, Oscar"]
[Black "Gomez Gonzalez, Javier"]
[Result "1/2-1/2"]
[WhiteElo "2022"]
[BlackElo "2041"]
[PlyCount "34"]
[EventDate "2010.01.08"]
[EventType "swiss"]
[EventRounds "9"]
[EventCountry "ESP"]
[Source "lmi"]
[SourceDate "2010.01.08"]

1. b3 c5 2. Bb2 Nc6 3. g3 d5 4. Bg2 e5 5. d3 Nf6 6. e3 Bd6 7. Ne2 O-O 8. O-O
Bf5 9. h3 Qe7 10. Nbc3 d4 11. Nb5 dxe3 12. fxe3 Bg6 13. Nxd6 Qxd6 14. e4 h5 15.
Nc3 Nd4 16. a4 a6 17. a5 Rae8 1/2-1/2

[Event "Madrid ch 2009/10 Semifinal B"]
[Site "Madrid ESP"]
[Date "2010.01.29"]
[Round "8.13"]
[White "Garcia Serrano, Jose Manuel"]
[Black "Madurga Lopez, Ignacio"]
[Result "0-1"]
[WhiteElo "1921"]
[BlackElo "1913"]
[PlyCount "64"]
[EventDate "2010.01.08"]
[EventType "swiss"]
[EventRounds "9"]
[EventCountry "ESP"]
[Source "lmi"]
[SourceDate "2010.01.08"]

1. e4 c5 2. d4 cxd4 3. c3 dxc3 4. Nxc3 e6 5. Nf3 a6 6. Bc4 b5 7. Bb3 Bb7 8. O-O
d6 9. Qe2 Nd7 10. Rd1 Ngf6 11. a3 Qb8 12. Bf4 Be7 13. Rac1 O-O 14. Nd4 Re8 15.
Bg3 Qa7 16. Kh1 Rad8 17. Ba2 Qa8 18. f3 h6 19. Bxe6 fxe6 20. Nxe6 Rc8 21. Bxd6
Bxd6 22. Rxd6 Rc6 23. Rxc6 Bxc6 24. Nc7 Qc8 25. Nxe8 Qxe8 26. Na2 Bd5 27. Nb4
Bc4 28. Qd2 Ne5 29. Rd1 Qh5 30. Nd5 Bxd5 31. exd5 Nxf3 32. Qe2 Qxh2# 0-1

[Event "Madrid ch 2009/10 Semifinal B"]
[Site "Madrid ESP"]
[Date "2010.01.29"]
[Round "8.14"]
[White "Navas Jimenez, Julian"]
[Black "Rodriguez Vignote, Javier"]
[Result "0-1"]
[WhiteElo "1962"]
[BlackElo "1891"]
[PlyCount "70"]
[EventDate "2010.01.08"]
[EventType "swiss"]
[EventRounds "9"]
[EventCountry "ESP"]
[Source "lmi"]
[SourceDate "2010.01.08"]

1. d4 e6 2. c4 Nf6 3. Nc3 Bb4 4. Qc2 O-O 5. a3 Bxc3+ 6. Qxc3 b6 7. Bg5 Ba6 8.
Nf3 d6 9. Qc2 Nbd7 10. b4 c5 11. dxc5 bxc5 12. b5 Bb7 13. e3 Qa5+ 14. Qd2 Qxd2+
15. Nxd2 a6 16. f3 axb5 17. cxb5 Ra4 18. Be2 Rfa8 19. O-O d5 20. Rfd1 h6 21.
Bxf6 Nxf6 22. Nb3 Nd7 23. e4 Rxa3 24. Rxa3 Rxa3 25. Nxc5 Nxc5 26. Rc1 Nxe4 27.
fxe4 dxe4 28. Rc7 Bd5 29. h3 g6 30. Kf2 e3+ 31. Kg3 Ra2 32. Bc4 Rxg2+ 33. Kf4
e2 34. Rc8+ Kg7 35. Bxd5 Rf2+ 0-1

[Event "Madrid ch 2009/10 Semifinal B"]
[Site "Madrid ESP"]
[Date "2010.01.29"]
[Round "8.15"]
[White "Vukotic Jovsic, Dragan"]
[Black "Morona Minguez, Irene"]
[Result "1/2-1/2"]
[WhiteElo "1984"]
[BlackElo "1867"]
[PlyCount "117"]
[EventDate "2010.01.08"]
[EventType "swiss"]
[EventRounds "9"]
[EventCountry "ESP"]
[Source "lmi"]
[SourceDate "2010.01.08"]

1. d4 Nf6 2. Nf3 g6 3. Bf4 Bg7 4. e3 d6 5. Be2 O-O 6. c4 Nfd7 7. Nc3 e5 8. dxe5
dxe5 9. Bg3 f6 10. Bh4 c6 11. Qd6 Qb6 12. O-O-O Nc5 13. Nd2 Rf7 14. Nde4 Nbd7
15. Nxc5 Nxc5 16. Qd8+ Qxd8 17. Rxd8+ Rf8 18. Rhd1 Bf5 19. Rxa8 Rxa8 20. g4 Be6
21. b4 Nd7 22. Ne4 a5 23. Rd6 Kf7 24. b5 cxb5 25. cxb5 Bf8 26. Rd3 g5 27. Bg3
Rc8+ 28. Kb2 Nc5 29. Nxc5 Rxc5 30. a4 f5 31. gxf5 Bxf5 32. Bh5+ Ke6 33. Rc3
Rxc3 34. Kxc3 Bb4+ 35. Kb3 b6 36. h4 gxh4 37. Bxh4 e4 38. Kc4 Bc5 39. Be8 Bg4
40. Bc6 Be2+ 41. Kc3 Kf5 42. Bd5 Bd1 43. Bg8 Bxa4 44. Bxh7+ Kg4 45. Bf6 Kf3 46.
Kc4 Bc2 47. Bd4 Bd3+ 48. Kd5 Bxd4 49. exd4 Bc2 50. Kc6 e3 51. fxe3 Bxh7 52.
Kxb6 a4 53. Kc6 a3 54. b6 a2 55. b7 a1=Q 56. b8=Q Be4+ 57. Kc5 Qa3+ 58. Qb4
Qa7+ 59. Qb6 1/2-1/2

[Event "Madrid ch 2009/10 Semifinal B"]
[Site "Madrid ESP"]
[Date "2010.01.30"]
[Round "9.2"]
[White "Alcazar Jimenez, Jesus Alberto"]
[Black "Perez de Aranda A., Leonardo I"]
[Result "1-0"]
[WhiteElo "2249"]
[BlackElo "2216"]
[PlyCount "99"]
[EventDate "2010.01.08"]
[EventType "swiss"]
[EventRounds "9"]
[EventCountry "ESP"]
[Source "lmi"]
[SourceDate "2010.01.08"]

1. e4 c5 2. Nf3 d6 3. d4 cxd4 4. Nxd4 Nf6 5. Nc3 a6 6. f3 e5 7. Nb3 h5 8. Be3
Be6 9. Qd2 Nbd7 10. Nd5 Bxd5 11. exd5 Nb6 12. c4 Nfd7 13. Rc1 e4 14. fxe4 Ne5
15. Bf4 Nbd7 16. Be2 Qh4+ 17. g3 Qh3 18. Kf2 Nf6 19. Qd4 Nfg4+ 20. Kg1 Ng6 21.
Bf1 Nxf4 22. Bxh3 Ne2+ 23. Kg2 Nxd4 24. Nxd4 Ne5 25. Nf3 Nxf3 26. Kxf3 g5 27.
Bf5 a5 28. e5 dxe5 29. c5 Kd8 30. c6 Kc7 31. d6+ Bxd6 32. cxb7+ Kxb7 33. Be4+
Ka7 34. Bxa8 Kxa8 35. Rhd1 Bb8 36. Ke4 g4 37. Rf1 Rd8 38. Rxf7 Rd4+ 39. Ke3 Rb4
40. Rc5 Ba7 41. Rxa7+ Kxa7 42. Rxa5+ Kb6 43. Rxe5 Rxb2 44. Rxh5 Rxa2 45. Kf4
Ra4+ 46. Kg5 Kc6 47. Rh4 Kd7 48. Rxg4 Ra2 49. h4 Ke7 50. Rf4 1-0

[Event "Madrid ch 2009/10 Semifinal B"]
[Site "Madrid ESP"]
[Date "2010.01.30"]
[Round "9.3"]
[White "Ramirez Garcia, Jorge Alberto"]
[Black "Gemy, Jose Daniel"]
[Result "1/2-1/2"]
[WhiteElo "2176"]
[BlackElo "2214"]
[PlyCount "56"]
[EventDate "2010.01.08"]
[EventType "swiss"]
[EventRounds "9"]
[EventCountry "ESP"]
[Source "lmi"]
[SourceDate "2010.01.08"]

1. e4 c5 2. Nf3 Nc6 3. d4 cxd4 4. Nxd4 d6 5. c4 Nf6 6. Nc3 g6 7. Be2 Bg7 8. Be3
O-O 9. f3 Nxd4 10. Qxd4 Ng4 11. Qd2 Nxe3 12. Qxe3 Qa5 13. Kf2 Bxc3 14. Qxc3
Qxc3 15. bxc3 f5 16. Bd3 Be6 17. Rhb1 b6 18. exf5 Bxf5 19. Ke3 Rac8 20. a4 Bxd3
21. Kxd3 Rf4 22. Rb4 a5 23. Rxb6 Rfxc4 24. Ra3 R8c5 25. Rb5 Kf7 26. Rxa5 Rxc3+
27. Rxc3 Rxa5 28. Ra3 Ke6 1/2-1/2

[Event "Madrid ch 2009/10 Semifinal B"]
[Site "Madrid ESP"]
[Date "2010.01.30"]
[Round "9.4"]
[White "Montanes Arribas, Adrian"]
[Black "Garcia Salamero, Gabriel"]
[Result "1-0"]
[WhiteElo "2158"]
[BlackElo "2155"]
[PlyCount "93"]
[EventDate "2010.01.08"]
[EventType "swiss"]
[EventRounds "9"]
[EventCountry "ESP"]
[Source "lmi"]
[SourceDate "2010.01.08"]

1. e4 g6 2. d4 Bg7 3. Nc3 d5 4. exd5 Nf6 5. Bb5+ Nbd7 6. Nf3 O-O 7. O-O Nb6 8.
h3 Nbxd5 9. Nxd5 Nxd5 10. Re1 c6 11. Bf1 h6 12. c4 Nc7 13. Be3 Be6 14. Qd2 g5
15. h4 g4 16. Bxh6 Bxh6 17. Qxh6 gxf3 18. Qg5+ Kh8 19. Qh6+ Kg8 20. Bd3 f5 21.
Rxe6 Nxe6 22. Qxe6+ Kg7 23. Bxf5 Qd6 24. Qe4 Rf6 25. c5 Qd5 26. Qxe7+ Qf7 27.
Qxf7+ Rxf7 28. g4 Rd8 29. Rd1 Re7 30. Kh2 Re2 31. Kg3 Rxb2 32. Be6 Re2 33. Bb3
Re4 34. d5 cxd5 35. Rxd5 Rxd5 36. Bxd5 Re5 37. Bxb7 Rxc5 38. a4 a5 39. Ba6 Rc3
40. g5 Kg6 41. Kg4 Rb3 42. h5+ Kg7 43. Kf5 Rb2 44. h6+ Kh7 45. Bd3 Rxf2 46.
Kf6+ Kh8 47. g6 1-0

[Event "Madrid ch 2009/10 Semifinal B"]
[Site "Madrid ESP"]
[Date "2010.01.30"]
[Round "9.5"]
[White "Nieto de la Cruz, Julio"]
[Black "Suarez Uriel, Adrian"]
[Result "0-1"]
[WhiteElo "2131"]
[BlackElo "2137"]
[PlyCount "70"]
[EventDate "2010.01.08"]
[EventType "swiss"]
[EventRounds "9"]
[EventCountry "ESP"]
[Source "lmi"]
[SourceDate "2010.01.08"]

1. d4 Nf6 2. c4 g6 3. Nc3 d5 4. Nf3 Bg7 5. Bg5 Ne4 6. cxd5 Nxg5 7. Nxg5 e6 8.
Qd2 exd5 9. Qe3+ Kf8 10. Qf4 Bf6 11. h4 h6 12. Nxd5 Bxg5 13. Qe5 Rh7 14. hxg5
Nc6 15. Qe4 Qxg5 16. f4 Qg3+ 17. Kd2 Bf5 18. Qe3 Qxe3+ 19. Kxe3 Rd8 20. Nf6 Rh8
21. g4 Be6 22. Bg2 Nxd4 23. Rad1 Kg7 24. g5 Nf5+ 25. Kf2 Rxd1 26. Rxd1 hxg5 27.
fxg5 b6 28. a3 Nd6 29. Rc1 c5 30. b4 c4 31. a4 Rd8 32. e3 Nf5 33. Rc2 Rh8 34.
Ne4 Rh2 35. Rc3 Nh4 0-1

[Event "Madrid ch 2009/10 Semifinal B"]
[Site "Madrid ESP"]
[Date "2010.01.30"]
[Round "9.6"]
[White "Vazquez Torres, Adrian"]
[Black "Cerrato Torrijos, Maria"]
[Result "1-0"]
[WhiteElo "2139"]
[BlackElo "2012"]
[PlyCount "77"]
[EventDate "2010.01.08"]
[EventType "swiss"]
[EventRounds "9"]
[EventCountry "ESP"]
[Source "lmi"]
[SourceDate "2010.01.08"]

1. e4 c5 2. Nf3 d6 3. d4 cxd4 4. Nxd4 Nf6 5. Nc3 Nc6 6. Bg5 Qb6 7. Nb3 e6 8.
Be3 Qc7 9. Be2 Be7 10. Qd2 a6 11. f3 b5 12. g4 Nd7 13. a4 Bh4+ 14. Kf1 b4 15.
Nd1 Nce5 16. Nf2 Nb6 17. Qxb4 Nbc4 18. Bd4 Bg5 19. Rd1 a5 20. Qc3 Ba6 21. Nh3
Qe7 22. Bxe5 Ne3+ 23. Kg1 Rc8 24. Bb5+ Kf8 25. Bxd6 Rxc3 26. Bxe7+ Bxe7 27.
bxc3 Bxb5 28. Rd3 Bxd3 29. cxd3 Nd1 30. Kg2 Nxc3 31. Nxa5 Nxa4 32. Ra1 Nb6 33.
Nc6 Ke8 34. Ra7 Bd8 35. Nxd8 Kxd8 36. Ng5 Nc8 37. Nxf7+ Ke8 38. Rc7 Rf8 39.
Rxc8+ 1-0

[Event "Madrid ch 2009/10 Semifinal B"]
[Site "Madrid ESP"]
[Date "2010.01.30"]
[Round "9.7"]
[White "Argente Rodriguez, Juan Jose"]
[Black "Fernandez Lledo, Javier"]
[Result "1-0"]
[WhiteElo "2128"]
[BlackElo "2064"]
[PlyCount "67"]
[EventDate "2010.01.08"]
[EventType "swiss"]
[EventRounds "9"]
[EventCountry "ESP"]
[Source "lmi"]
[SourceDate "2010.01.08"]

1. Nf3 Nf6 2. c4 g6 3. b4 Bg7 4. Bb2 O-O 5. g3 d6 6. Bg2 e5 7. d3 c6 8. O-O Qb6
9. Qc2 Nbd7 10. Bc3 Re8 11. Nbd2 d5 12. e4 Qc7 13. cxd5 cxd5 14. Rfc1 Qd6 15.
a4 Qe7 16. b5 b6 17. Bb2 Bb7 18. Ba3 Qd8 19. Qc7 Rb8 20. Qxd8 Rexd8 21. Bd6
Rbc8 22. Nxe5 Nxe4 23. dxe4 Nxe5 24. Be7 Re8 25. Rxc8 Bxc8 26. Rc1 Nd3 27. Rc7
Bd4 28. exd5 Nxf2 29. Nb3 Be3 30. Kf1 Bf5 31. Ke2 Bg5 32. d6 Ne4 33. Bxe4 Bxe4
34. Bxg5 1-0

[Event "Madrid ch 2009/10 Semifinal B"]
[Site "Madrid ESP"]
[Date "2010.01.30"]
[Round "9.8"]
[White "Martin Duque, Jesus"]
[Black "Cabanas Bravo, Juan Andres"]
[Result "1/2-1/2"]
[WhiteElo "2060"]
[BlackElo "2059"]
[PlyCount "89"]
[EventDate "2010.01.08"]
[EventType "swiss"]
[EventRounds "9"]
[EventCountry "ESP"]
[Source "lmi"]
[SourceDate "2010.01.08"]

1. e4 e5 2. Nf3 Nc6 3. Nc3 Nf6 4. d4 exd4 5. Nxd4 Bb4 6. Nxc6 bxc6 7. Bd3 d5 8.
exd5 cxd5 9. O-O O-O 10. Bg5 c6 11. Qf3 Be7 12. h3 Rb8 13. b3 Be6 14. Ne2 h6
15. Bf4 Rb7 16. Nd4 Qd7 17. Bg3 Nh7 18. Nf5 Ba3 19. h4 Rd8 20. Rae1 Bb4 21. Re2
Bf8 22. Qf4 c5 23. Rfe1 c4 24. bxc4 dxc4 25. Be4 Rb2 26. a3 Ra2 27. Re3 Qd2 28.
Qe5 Rxa3 29. R3e2 Qa5 30. Qf4 Ra1 31. f3 Rdd1 32. Kf1 Qb6 33. Bf2 Rxe1+ 34.
Rxe1 Rxe1+ 35. Bxe1 Qb2 36. Nd4 Nf6 37. Nxe6 fxe6 38. Bg6 Qb5 39. Qc7 c3+ 40.
Bd3 Qc5 41. Qxc5 Bxc5 42. Bxc3 Nd5 43. Bd2 Kf7 44. Ke2 Nf6 45. Be4 1/2-1/2

[Event "Madrid ch 2009/10 Semifinal B"]
[Site "Madrid ESP"]
[Date "2010.01.30"]
[Round "9.10"]
[White "Gomez Gonzalez, Javier"]
[Black "Prieto Honorato, Juan Maria"]
[Result "0-1"]
[WhiteElo "2041"]
[BlackElo "2098"]
[PlyCount "108"]
[EventDate "2010.01.08"]
[EventType "swiss"]
[EventRounds "9"]
[EventCountry "ESP"]
[Source "lmi"]
[SourceDate "2010.01.08"]

1. e4 g6 2. d4 Bg7 3. Nf3 c6 4. Nc3 Nf6 5. Be2 O-O 6. O-O b5 7. e5 Ne8 8. Ne4
d6 9. Bg5 f6 10. Bh4 Nd7 11. c3 fxe5 12. Neg5 Nb6 13. dxe5 h6 14. Ne4 Bf5 15.
exd6 Nxd6 16. Nc5 g5 17. Bg3 Ne4 18. Qb3+ Qd5 19. Qxd5+ Nxd5 20. Nxe4 Bxe4 21.
Ne5 Nf4 22. Bxf4 Rxf4 23. Nd3 Rf6 24. Nc5 Bd5 25. a4 b4 26. cxb4 Rf4 27. Nd3
Re4 28. Bf3 Rd4 29. Bxd5+ Rxd5 30. Nc5 Bxb2 31. Rab1 Be5 32. Rfe1 a5 33. Ne4
Bd4 34. g3 Kf7 35. Kg2 Rb8 36. bxa5 Rxb1 37. Rxb1 Rxa5 38. Rb4 c5 39. Rc4 Ke6
40. Nd2 Kd5 41. Kf3 e5 42. Ke2 e4 43. h3 Ra6 44. Rc1 Rxa4 45. f3 e3 46. Ne4
Ra2+ 47. Kd3 Ra3+ 48. Ke2 c4 49. Rc2 Rb3 50. g4 Be5 51. Ra2 Kd4 52. Ra8 Rb2+
53. Ke1 c3 54. Rd8+ Kc4 0-1

[Event "Madrid ch 2009/10 Semifinal B"]
[Site "Madrid ESP"]
[Date "2010.01.30"]
[Round "9.11"]
[White "Rodriguez Vignote, Javier"]
[Black "Cardena Contreras, Javier"]
[Result "1-0"]
[WhiteElo "1891"]
[BlackElo "1899"]
[PlyCount "120"]
[EventDate "2010.01.08"]
[EventType "swiss"]
[EventRounds "9"]
[EventCountry "ESP"]
[Source "lmi"]
[SourceDate "2010.01.08"]

1. d4 d5 2. c4 e6 3. Nc3 c6 4. Nf3 Nf6 5. e3 Nbd7 6. Qc2 Bd6 7. Bd3 dxc4 8.
Bxc4 O-O 9. O-O e5 10. Rd1 exd4 11. Rxd4 Nb6 12. Be2 Qc7 13. Ne4 Nxe4 14. Qxe4
Nd5 15. Bd2 Nf6 16. Qd3 Be7 17. Rc1 Bg4 18. h3 Bh5 19. Be1 Rad8 20. Rxd8 Rxd8
21. Qb3 Nd5 22. Rd1 Bf6 23. Nd4 Bxe2 24. Nxe2 Re8 25. Qc2 Qe5 26. Nc3 Nb6 27.
Qd3 h6 28. Qd6 Qh5 29. f3 Nc4 30. Qd7 Re7 31. Qd8+ Kh7 32. Qd3+ Qg6 33. Qxc4
Rxe3 34. Qf1 Be7 35. Kh1 Bd6 36. Bf2 Re6 37. Ne4 Bb8 38. Nc5 Rd6 39. Rxd6 Qxd6
40. Qd3+ Qxd3 41. Nxd3 b6 42. Bd4 f6 43. Kg1 Kg6 44. Be3 Kf5 45. g4+ Ke6 46.
Bf4 Bxf4 47. Nxf4+ Ke5 48. Ne2 Kd5 49. Kf2 Kc4 50. Ke3 c5 51. f4 b5 52. h4 g6
53. g5 fxg5 54. fxg5 hxg5 55. hxg5 a5 56. Nf4 b4 57. Nxg6 a4 58. Ne5+ Kd5 59.
Nd3 a3 60. b3 Kd6 1-0